Most Populated Countries In 1 AD - Statistics

General Stats
  • This quiz has been taken 28 times
  • The average score is 3 of 9
Answer Stats
Hint Answer % Correct
eurasia roman empire
68%
central america and mexico maya
63%
china han dynasty
42%
romania dacia
37%
egypt and sudan kush
32%
iran parthian empire
32%
mongolia and china xiongnu
21%
india satavahana
11%
central asia bactria
5%
No matching quizzes found
Score Distribution
Percent of People with Each Score
Percentile by Number Answered
Your Score History
You have not taken this quiz